Aritmética /

Guardado en:
Autor Principal: Repetto, Celina H.
Formato: Libro
Publicado: Buenos Aires : Kapelusz, 1959
Edición:17a. ed.
Materias:
Etiquetas: Agregar Etiqueta
Sin Etiquetas, Sea el primero en etiquetar este registro!
LEADER 00422nam a22001575a 4500
001 CEM.cems005366
008 130507s1959##################000#0#####d
005 20241210114139.0
245 1 0 |a Aritmética / 
250 |a 17a. ed. 
260 |a Buenos Aires :  |b Kapelusz,  |c 1959 
300 |a 297 p. 
100 1 |a Repetto, Celina H. 
082 0 4 |a 511 
653 |a Matematica 
859 |a CEMS  |b BIB. CEMS - 11 de abril  |h 511  |i R299-4a17/I  |p 8774.81  |t Ej.2